| 000 | 00868nam a22002657a 4500 | ||
|---|---|---|---|
| 001 | 9194 | ||
| 003 | FISKH | ||
| 005 | 20251128101031.0 | ||
| 008 | 251128b cb ||||| |||| 00| 0 eng d | ||
| 020 | _a9780618599974 | ||
| 040 |
_aFISKH _beng _cFISKH _dFISKH |
||
| 050 | _aPZ7 | ||
| 082 | _a551.312 | ||
| 100 |
_aWinston, Simone _eAuthor |
||
| 245 |
_aStudying a glacier / _cby Simone Winston |
||
| 260 |
_aBoston : _bHoughton Mifflin Company , _c2006 |
||
| 300 |
_a16 pages : _bcolor illustrations ; _c21 cm |
||
| 505 | _aJ | ||
| 520 | _aHow are glaciers formed? What are three different types of glaciers mentioned in this story? What effect can a moving or changing glacier have on the land and sea? | ||
| 521 | 8 |
_a450
_bLexile estimate |
|
| 521 | 8 |
_aJ
_bRaz-Plus |
|
| 650 |
_aCause and effect _vNatural science |
||
| 942 |
_2ddc _cBK _n0 |
||
| 999 |
_c9194 _d9194 |
||